Donde hay una necesidad, nace una organización (Registro nro. 7115)

Detalles MARC
000 -LEADER
fixed length control field 01486 a2200241 4500
001 - CONTROL NUMBER
control field 60686
005 - DATE AND TIME OF LATEST TRANSACTION
control field 20260407155858.0
008 - FIXED-LENGTH DATA ELEMENTS--GENERAL INFORMATION
fixed length control field 260407a2010 arg spa d
003 - CONTROL NUMBER IDENTIFIER
control field AR-UNSa-BCEJYS
040 ## - CATALOGING SOURCE
Original cataloging agency AR-UNSa-BCEJYS
Language of cataloging spa
Transcribing agency AR-UNSa-BCEJYS
080 ## - UNIVERSAL DECIMAL CLASSIFICATION NUMBER
Universal Decimal Classification number 316.35
Common auxiliary subdivision Grupos sociales. Organizaciones sociales
020 ## - INTERNATIONAL STANDARD BOOK NUMBER
International Standard Book Number 978-987-1599-36-3
041 ## - LANGUAGE CODE
Language code of text/sound track or separate title spa
100 1# - MAIN ENTRY--PERSONAL NAME
Personal name Bráncoli, Javier
245 10 - TITLE STATEMENT
Title Donde hay una necesidad, nace una organización
Name of part/section of a work Surgimiento y transformaciones de las asociaciones populares urbanas
264 #1 - PRODUCTION, PUBLICATION, DISTRIBUTION, MANUFACTURE, AND COPYRIGHT NOTICE
Place of production, publication, distribution, manufacture Buenos Aires :
Name of producer, publisher, distributor, manufacturer Ediciones CICCUS
Date of production, publication, distribution, manufacture, or copyright notice 2010
300 ## - PHYSICAL DESCRIPTION
Extent 269 p.
Dimensions 22 cm.
505 ## - FORMATTED CONTENTS NOTE
Formatted contents note 1. De la periferia al centro: La organización social en las comunidades suburbanas / Javier Bráncoli - 2. Las organizaciones territoriales y el proceso histórico de urbanización e industrialización en el área metropolitana / Maria José Espagnol y Andrea Echevearria – 3. Origen y conformación de las organizaciones comunitarias de base territorial / Bárbara Ohanin, Lucrecia D´Amato, Javier Bráncoli, Paola Lavandera y Carolina Maglioni – 4. Caracterización de las organizaciones / Paola Lavandera y Carolina Maglioni – 5. Las organizaciones Comunitarias y su vínculo con el Estado / Melina Mezzini, Bárbara Labecki y Javier Bráncoli
590 ## - LOCAL NOTE (RLIN)
Local note niveau_biblio:m niveau_hierar:0
700 1# - ADDED ENTRY--PERSONAL NAME
Personal name Vallone, Miguel
856 41 - ELECTRONIC LOCATION AND ACCESS
Uniform Resource Identifier <a href="https://www.biblioeco.unsa.edu.ar/pmb/images/libros/L129310.jpg">https://www.biblioeco.unsa.edu.ar/pmb/images/libros/L129310.jpg</a>
Link text Imagen de portada
Electronic format type image/jpeg
942 ## - ADDED ENTRY ELEMENTS (KOHA)
Koha item type
Existencias
Withdrawn status Lost status Damaged status Not for loan Home library Current library Shelving location Date acquired Total checkouts Full call number Barcode Date last seen Price effective from Koha item type
        Biblioteca Prof. Eusebio Cleto del Rey Biblioteca Prof. Eusebio Cleto del Rey   07/04/2026   316.35 B816 L129310 07/04/2026 07/04/2026 Libro